| 000 | 00388nam a2200145Ia 4500 | ||
|---|---|---|---|
| 008 | 150201s2006 xx 000 0 und d | ||
| 082 |
_a617.643 _bC2006K |
||
| 100 | _aKORBEN DAU, M | ||
| 245 | _aCLINICAL SUCCESS IN SURGICAL & ORTHODONTIC TREATMENT | ||
| 250 | _a1ST | ||
| 260 |
_bQUINTESSENCE PUBLICATION _aCHICAGO _c2006 |
||
| 300 | _a1-136 | ||
| 650 | _aORTHODONTICS | ||
| 942 |
_2ddc _cBK |
||
| 999 |
_c4467 _d4467 |
||